000 00900nam a2200349Ia 4500
005 20260514124406.0
008 008 261405s9999 xx 000 0 eng d
037 _aThesis
040 _aCRL
040 _beng
040 _cCRL
041 _2eng
041 _aeng
084 _qCRL
100 _aGoyal Dr.Isha
_91239787
245 0 _aEpidemiological Study of Modifiable Risk Factors Non Communicable Diseases in School Going Adolescents in an Urban Area of Delhi.
260 _aDelhi
260 _bUniversity of Delhi
260 _c2016
300 _a95p.
502 _bPh.D.
502 _cUniversity of Delhi
502 _d2016
541 _oThesis
650 _aMedicine
700 _aDr.Harish Pemde
_91239788
700 _aDr.Manish Kumar Goel
_91239789
700 _aDr.S Nagesh,
_91239790
710 _aMedicine
942 _cTH
999 _c1851800
_d1851800